|
|
|
|
| LEADER |
01038nam a2200277 a 4500 |
| 001 |
12785501 |
| 008 |
100222r20052003na a b 001 0 eng d |
| 010 |
|
|
|a 2002107243
|
| 020 |
|
|
|a 8181476204
|
| 020 |
|
|
|a 1558608486 (pbk.)
|
| 020 |
|
|
|a 1558608486
|
| 040 |
|
|
|a DLC
|c DLC
|d DLC
|d DB-DhAAL
|
| 082 |
0 |
0 |
|a 006.6/6
|2 21
|
| 245 |
0 |
0 |
|a Texturing & modeling :
|b a procedural approach /
|c David S. Ebert ... [et al.].
|
| 246 |
3 |
|
|a Texturing and modeling
|
| 250 |
|
|
|a 3rd ed.
|
| 260 |
|
|
|a Amsterdam ;
|a Boston :
|b Academic Press,
|c c2003.[reprinted 2005]
|
| 300 |
|
|
|a xxiii, 687 p. :
|b ill. ;
|c 25 cm.
|
| 504 |
|
|
|a Includes bibliographical references (p. 629-652) and index.
|
| 541 |
1 |
|
|e 00019809
|
| 650 |
|
0 |
|a Computer programming.
|
| 650 |
|
0 |
|a Computer graphics.
|
| 700 |
1 |
|
|a Ebert, David S.,
|d 1964-
|
| 852 |
4 |
|
|a Ayesha Abed Library
|j General Shelf.
|
| 999 |
|
|
|c 7658
|d 7658
|
| 952 |
|
|
|0 0
|1 0
|2 ddc
|4 0
|6 006_660000000000000_TEX_2009
|7 0
|9 8383
|a BRACUL
|b BRACUL
|c GEN
|d 2010-02-22
|l 2
|m 15
|o 006.66 TEX
|p 3010019809
|r 2025-02-06
|s 2025-01-19
|t 1
|w 2010-02-22
|y BK
|